| 000 | 00000nam 2200000za 4500 |
| 001 | 9.801832 |
| 003 | CaOODSP |
| 005 | 20230127160655 |
| 007 | cr ||||||||||| |
| 008 | 160525s2016 quc o f000 0 eng d |
| 020 | |a978-0-660-02806-4 |
| 040 | |aCaOODSP|beng |
| 043 | |an-cn--- |
| 086 | 1 |aEn4-94/3-2015E-PDF |
| 245 | 00|aTank tip 3 on Storage Tank Systems for Petroleum Products and Allied Petroleum Products Regulations |h[electronic resource] : |bstorage tank regulations checklist. |
| 246 | 30|aStorage tank regulations checklist |
| 260 | |a[Gatineau, Quebec] : |bEnvironment and Climate Change Canada, |cc2016. |
| 300 | |a[6] p. |
| 500 | |aIssued also in French under title: Sachez stocker 3 - Règlement sur les systèmes de stockage de produits pétroliers et de produits apparentés : listes de contrôle du règlement sur les réservoirs de stockage. |
| 520 | |aEnvironment and Climate Change Canada’s Storage Tank Systems for Petroleum Products and Allied Petroleum Products Regulations came into effect on June 12, 2008. This fact sheet provides a checklist of the requirements for storage tank systems regulated under federal jurisdiction (See Tank Tip 2 - Do the Regulations Apply to You?). It covers systems that were installed before June 12, 2008, as well as systems installed after that date. |
| 692 | 07|2gccst|aPetroleum |
| 692 | 07|2gccst|aStorage |
| 710 | 1 |aCanada. |bEnvironment and Climate Change Canada. |
| 775 | 08|tSachez stocker 3 - Règlement sur les systèmes de stockage de produits pétroliers et de produits apparentés |w(CaOODSP)9.801833 |
| 794 | |tTank tip 12 : |w(CaOODSP)9.869041 |
| 856 | 40|qPDF|s1.28 MB|uhttps://publications.gc.ca/collections/collection_2016/eccc/En4-94-3-2015-eng.pdf |